| 000 | 01317cam a2200349 4500 | ||
|---|---|---|---|
| 008 | 020722n2002 000 0 eng u | ||
| 020 | _a0582473039 | ||
| 035 | _a(Sirsi) u118955 | ||
| 041 | _aeng. | ||
| 100 | _aOsbourn, D. | ||
| 245 | _aIntroduction to building | ||
| 250 | _a3rd ed. | ||
| 260 |
_aHarlow _bPearson Education Limited _c2002 |
||
| 300 |
_axi,304p. _c25cm. |
||
| 350 | _a22.99 | ||
| 490 | _aMitchell's Building Series | ||
| 520 | _aAimed at students of construction and building related disciplines., provides an overview of the many and varied aspects of creating buildings. Among the topics covered are: the requirements of a building; appearance; durability; strength and stability; weather exclusion; sound control; building processes ; sanitation and drainage and construction methods. (Superseded by 2007 edition. ISBN: 0132325713) | ||
| 650 | _aBUILT ENVIRONMENT-CONSTRUCTION DESIGN | ||
| 650 | _aBUILT ENVIRONMENT-BUILDING MATERIALS | ||
| 650 | _aBUILDING PROCESS | ||
| 650 | _aBUILDING SECURITY | ||
| 650 |
_aBlock management _96220 |
||
| 650 | _aFIRE PROTECTION | ||
| 650 | _aSANITATION | ||
| 650 | _aDRAINAGE | ||
| 650 | _aSOUND CONTROL | ||
| 650 | _aLIGHTING | ||
| 650 | _aVENTILATION | ||
| 690 | _aBUILT ENVIRONMENT | ||
| 700 | _aGreeno, R. | ||
| 942 | _n0 | ||
| 999 |
_c102216 _d102216 |
||